| 000 | 00873nam a2200265 i 4500 | ||
|---|---|---|---|
| 003 | DO-SdBNP | ||
| 005 | 20240923153625.0 | ||
| 007 | ta | ||
| 008 | 240923s1978 mx 000 0 spa d | ||
| 040 |
_aDO-SdBNP _bspa _cBNPHU _erda |
||
| 082 |
_222 _bG216 |
||
| 100 | 1 |
_4aut. _aGarcía Laguardia, Jorge Mario _970708 _eautor |
|
| 245 | 1 | 0 |
_aGuía de técnicas de investigación / _cJorge Mario García Laguardia, Jorge Luján Muñoz |
| 250 | _a7a. edición, corregida y aumentada | ||
| 264 | 1 |
_aMéxico : _bEditorial Casagrande, _c1978. |
|
| 300 |
_a146 páginas _c21 cm. |
||
| 336 |
_atexto _btxt _2rdacontent |
||
| 337 |
_asin mediación _bn _2rdamedia |
||
| 338 |
_avolumen _bnc _2rdacarrier |
||
| 504 | _aBibliografía p: 141-146. | ||
| 590 | _aInventariado, 2024/ YL | ||
| 700 | 1 |
_4aut. _aLuján Muñoz, Jorge _eautor _948331 |
|
| 910 | _aYLockward | ||
| 942 |
_2ddc _cLBS1 |
||
| 999 |
_c57743 _d57743 |
||